|
|
|
|
| LEADER |
01453nam a2200385 a 4500 |
| 001 |
EBC3020728 |
| 003 |
MiAaPQ |
| 005 |
20200520144314.0 |
| 006 |
m o d | |
| 007 |
cr cn||||||||| |
| 008 |
090312s2009 nyua sb 001 0 eng d |
| 010 |
|
|
|z 2009008026
|
| 020 |
|
|
|z 9781607413622 (hardcover)
|
| 020 |
|
|
|z 1607413620 (hardcover)
|
| 020 |
|
|
|a 9781617285295 (electronic bk.)
|
| 035 |
|
|
|a (MiAaPQ)EBC3020728
|
| 035 |
|
|
|a (Au-PeEL)EBL3020728
|
| 035 |
|
|
|a (CaPaEBR)ebr10680866
|
| 035 |
|
|
|a (OCoLC)665802107
|
| 040 |
|
|
|a MiAaPQ
|c MiAaPQ
|d MiAaPQ
|
| 050 |
|
4 |
|a HD111
|b .R24 2009
|
| 082 |
0 |
4 |
|a 551.6
|2 22
|
| 100 |
1 |
|
|a Rai, Suresh Chand,
|d 1958-
|
| 245 |
1 |
0 |
|a Land use and climate change
|h [electronic resource] /
|c Suresh C. Rai.
|
| 260 |
|
|
|a New York :
|b Nova Science Publishers,
|c c2009.
|
| 300 |
|
|
|a viii, 131 p. :
|b ill. (some col.).
|
| 490 |
1 |
|
|a Climate change and its causes, effects and prediction series
|
| 504 |
|
|
|a Includes bibliographical references and index.
|
| 533 |
|
|
|a Electronic reproduction. Ann Arbor, MI : ProQuest, 2015. Available via World Wide Web. Access may be limited to ProQuest affiliated libraries.
|
| 650 |
|
0 |
|a Land use.
|
| 650 |
|
0 |
|a Climatic changes.
|
| 655 |
|
4 |
|a Electronic books.
|
| 710 |
2 |
|
|a ProQuest (Firm)
|
| 830 |
|
0 |
|a Climate change and its causes, effects, and prediction series.
|
| 856 |
4 |
0 |
|u https://ebookcentral.proquest.com/lib/matrademy/detail.action?docID=3020728
|z Click to View
|